ARRUPE JESUIT UNIVERSITY

CORONAVIRUS -STOP THE SPREAD - CLEAN,DISINFECT,COVER

The working class in modern Europe / (Record no. 119020)

MARC details
000 -LEADER
fixed length control field 01785cam a2200289 i 4500
001 - CONTROL NUMBER
control field 1261078
003 - CONTROL NUMBER IDENTIFIER
control field ARRUPE
005 - DATE AND TIME OF LATEST TRANSACTION
control field 20131203174934.0
008 - FIXED-LENGTH DATA ELEMENTS--GENERAL INFORMATION
fixed length control field 760519s1975 mau b 000 0 eng
010 ## - LIBRARY OF CONGRESS CONTROL NUMBER
LC control number 74015184
020 ## - INTERNATIONAL STANDARD BOOK NUMBER
International Standard Book Number 066992833X
040 ## - CATALOGING SOURCE
Original cataloging agency DLC
Transcribing agency DLC
Modifying agency DLC
043 ## - GEOGRAPHIC AREA CODE
Geographic area code e------
050 00 - LIBRARY OF CONGRESS CALL NUMBER
Classification number HD8376
Item number .W67
082 00 - DEWEY DECIMAL CLASSIFICATION NUMBER
Classification number 301.44/42/094
300 ## - PHYSICAL DESCRIPTION
Dimensions 21 cm.
245 04 - TITLE STATEMENT
Title The working class in modern Europe /
Statement of responsibility, etc edited and with an introd. by Mary Lynn McDougall.
260 ## - PUBLICATION, DISTRIBUTION, ETC. (IMPRINT)
Place of publication, distribution, etc Lexington, Mass. :
Name of publisher, distributor, etc Heath,
Date of publication, distribution, etc [1975]
300 ## - PHYSICAL DESCRIPTION
Extent xvii, 185 p. ;
440 #0 - SERIES STATEMENT/ADDED ENTRY--TITLE
Title Problems in European civilization
9 (RLIN) 4924
504 ## - BIBLIOGRAPHY, ETC. NOTE
Bibliography, etc Bibliography: p. 180-185.
505 0# - FORMATTED CONTENTS NOTE
Formatted contents note Economic activism, 1811-1937: Thompson, E. P. Luddism, a revolutionary movement. Church, R. A. and Chapman, S. D. Luddism distinct from constitutional reform. Stearns, P. N. Early strike activity in France. Hobsbawm, E. J. General labor unions in Britain. Mitzman, A. Sit-in strikes in France (1936-1937).--Political militancy, 1834-1939: Briggs, A. Chartism's geographic and economic divisions. Rudé, G. The crowd in the French Revolution of 1848. Roth, G. German social democracy to the average member. Joll, J. Anarchism and syndicalism. Campbell-Balfour, W. The Labour Party in the depression.--Working-class life: Wohl, A. S. Working-class housing in nineteenth-century London. Anderson, M. Working-class families during the Industrial Revolution. Young, M. and Willmott, P. Working-class families in the suburbs. Neuman, R. P. Working-class sexuality. Roberts, R. A working-class community.
650 #0 - SUBJECT ADDED ENTRY--TOPICAL TERM
Topical term or geographic name as entry element Working class
Geographic subdivision Europe.
9 (RLIN) 4925
651 #0 - SUBJECT ADDED ENTRY--GEOGRAPHIC NAME
Geographic name Europe
General subdivision Social conditions.
9 (RLIN) 4926
700 1# - ADDED ENTRY--PERSONAL NAME
Personal name Stewart, Mary Lynn,
Dates associated with a name 1945-
9 (RLIN) 4927
906 ## - LOCAL DATA ELEMENT F, LDF (RLIN)
a 7
b cbc
c orignew
d u
e ocip
f 19
g y-gencatlg
942 ## - ADDED ENTRY ELEMENTS (KOHA)
Source of classification or shelving scheme Library of Congress Classification
Koha item type Monograph ( Printed materials)
Holdings
Withdrawn status Lost status Source of classification or shelving scheme Damaged status Not for loan Home library Current library Shelving location Date acquired Total Checkouts Full call number Barcode Date last seen Price effective from Koha item type
    Library of Congress Classification     ARRUPE LIBRARY ARRUPE LIBRARY Main Collection 03/12/2013   HD8376 .W67 464123702 03/12/2013 03/12/2013 Monograph ( Printed materials)

 

Arrupe Library. PO Box MP320 Mt Pleasant, Harare, Zimbabwe
263 242 745411|librarian@aju.ac.zw